Top Five US States By Category #2 - Statistics

General Stats
  • This quiz has been taken 55 times
  • The average score is 34 of 40
Answer Stats
Answer % Correct
Most Miles of Railroad Track Texas
100%
Most Tornadoes Annually Texas
100%
Most Wine Production Texas
100%
Most Fortune 500 Company Headquarters Texas
100%
Most Miles of Railroad Track California
98%
Most Wine Production California
98%
Most Fortune 500 Company Headquarters California
98%
Most Wine Production Washington
98%
Most Tornadoes Annually Florida
96%
Coldest Average Annual Temperature Alaska
94%
Most Wine Production New York
94%
Most Fortune 500 Company Headquarters New York
94%
Largest Corn Production Iowa
90%
Coldest Average Annual Temperature Montana
90%
Coldest Average Annual Temperature North Dakota
90%
Most Miles of Railroad Track Illinois
88%
Most Fortune 500 Company Headquarters Illinois
88%
Largest Corn Production Illinois
88%
Most Tornadoes Annually Kansas
88%
Coldest Average Annual Temperature Maine
88%
Highest Percentage of Forest Coverage Maine
88%
Highest Percentage of Water Area Michigan
88%
Most Miles of Railroad Track Ohio
86%
Most Fortune 500 Company Headquarters Ohio
86%
Most Tornadoes Annually Oklahoma
86%
Most Wine Production Oregon
86%
Largest Corn Production Minnesota
84%
Largest Corn Production Nebraska
84%
Highest Percentage of Water Area Hawaii
82%
Highest Percentage of Forest Coverage New Hampshire
80%
Most Miles of Railroad Track Pennsylvania
80%
Largest Corn Production Indiana
78%
Highest Percentage of Forest Coverage Vermont
78%
Coldest Average Annual Temperature Wyoming
76%
Most Tornadoes Annually Alabama
73%
Highest Percentage of Forest Coverage Alabama
73%
Highest Percentage of Water Area Massachusetts
71%
Highest Percentage of Water Area Rhode Island
67%
Highest Percentage of Water Area Maryland
63%
Highest Percentage of Forest Coverage West Virginia
63%
No matching quizzes found
Score Distribution
Percent of People with Each Score
Percentile by Number Answered
Your Score History
You have not taken this quiz